<?xml version="1.0" encoding="UTF-8"?>
<record
    xmlns:xsi="http://www.w3.org/2001/XMLSchema-instance"
    xsi:schemaLocation="http://www.loc.gov/MARC21/slim http://www.loc.gov/standards/marcxml/schema/MARC21slim.xsd"
    xmlns="http://www.loc.gov/MARC21/slim">

  <leader>02565cam a2200301 i 4500</leader>
  <controlfield tag="001">17091286</controlfield>
  <controlfield tag="005">20141218154336.0</controlfield>
  <controlfield tag="008">111220r20122013xxkk   fr2b  f001 0 eng d</controlfield>
  <datafield tag="010" ind1=" " ind2=" ">
    <subfield code="a">2011052555</subfield>
  </datafield>
  <datafield tag="020" ind1=" " ind2=" ">
    <subfield code="a">9781107009998 (hardback)</subfield>
  </datafield>
  <datafield tag="020" ind1=" " ind2=" ">
    <subfield code="a">9780521279529 (paperback)</subfield>
  </datafield>
  <datafield tag="040" ind1=" " ind2=" ">
    <subfield code="a">DLC</subfield>
    <subfield code="b">eng</subfield>
    <subfield code="c">DLC</subfield>
    <subfield code="d">DLC</subfield>
    <subfield code="d">EG-ScBUE</subfield>
  </datafield>
  <datafield tag="082" ind1="0" ind2="0">
    <subfield code="a">341.45</subfield>
    <subfield code="2">22</subfield>
    <subfield code="b">TAN</subfield>
  </datafield>
  <datafield tag="100" ind1="1" ind2=" ">
    <subfield code="a">Tanaka, Yoshifumi</subfield>
    <subfield code="9">36992</subfield>
  </datafield>
  <datafield tag="245" ind1="1" ind2="4">
    <subfield code="a">The international law of the sea /</subfield>
    <subfield code="c">Yoshifumi Tanaka.</subfield>
  </datafield>
  <datafield tag="250" ind1=" " ind2=" ">
    <subfield code="a">1st ed., </subfield>
    <subfield code="b">reprinted.</subfield>
  </datafield>
  <datafield tag="260" ind1=" " ind2=" ">
    <subfield code="a">Cambridge, United Kingdom ;</subfield>
    <subfield code="a">New York, United States :</subfield>
    <subfield code="b">Cambridge University Press, </subfield>
    <subfield code="c">2012.</subfield>
  </datafield>
  <datafield tag="300" ind1=" " ind2=" ">
    <subfield code="a">lxviii, 435 p. :</subfield>
    <subfield code="b">forms ;</subfield>
    <subfield code="c">26 cm.</subfield>
  </datafield>
  <datafield tag="500" ind1=" " ind2=" ">
    <subfield code="a">Index : p. 424-435.</subfield>
  </datafield>
  <datafield tag="500" ind1=" " ind2=" ">
    <subfield code="a">Reprint of the 2012 ed.</subfield>
  </datafield>
  <datafield tag="504" ind1=" " ind2=" ">
    <subfield code="a">Includes bibliographical references.</subfield>
  </datafield>
  <datafield tag="505" ind1="8" ind2=" ">
    <subfield code="a">Machine generated contents note : Part I. The Divided Oceans : International Law Governing Jurisdictional Zones : 1. Law of the sea in perspective ; 2. Baselines and related issues ; 3. Marine spaces under national jurisdiction I : territorial sovereignty ; 4. Marine spaces under national jurisdiction II : the sovereign rights ; 5. Marine spaces beyond national jurisdiction ; 6. Maritime delimitation ; Part II. Our Common Ocean : Protection of Community Interests at Sea : 7. Conservation of marine living resources ; 8. Protection of the marine environment ; 9. Conservation of marine biological diversity ; 10. Marine scientific research ; 11. Maintenance of international peace and security at sea ; 12. Land-locked and geographically disadvantaged states ; 13. Peaceful settlement of international disputes.</subfield>
  </datafield>
  <datafield tag="520" ind1=" " ind2=" ">
    <subfield code="a">"The law of the sea is a complex and fascinating subject. This textbook explores the subject from the perspective of public international law, covering all the key topics from the legal regimes governing the different jurisdictional zones, to international co-operation for protection of the marine environment. Students interested in international environmental and natural resources law will find chapters on emerging issues such as the conservation and the protection of natural resources and biodiversity in the oceans. It includes student-friendly features such as chapter overviews, conclusions, figures and tables and further reading sections. Clarity of expression, engaging analysis and comprehensive coverage make this book essential reading for all students of the law of the sea"-</subfield>
  </datafield>
  <datafield tag="650" ind1=" " ind2="0">
    <subfield code="a">Law of the sea</subfield>
    <subfield code="9">36993</subfield>
  </datafield>
  <datafield tag="653" ind1=" " ind2=" ">
    <subfield code="b">BUSBOL</subfield>
    <subfield code="c">December2014</subfield>
  </datafield>
  <datafield tag="655" ind1=" " ind2=" ">
    <subfield code="v">reading book</subfield>
    <subfield code="9">34232</subfield>
  </datafield>
  <datafield tag="942" ind1=" " ind2=" ">
    <subfield code="2">ddc</subfield>
    <subfield code="k">341.45 TAN</subfield>
  </datafield>
  <datafield tag="999" ind1=" " ind2=" ">
    <subfield code="c">18802</subfield>
    <subfield code="d">18774</subfield>
  </datafield>
  <datafield tag="952" ind1=" " ind2=" ">
    <subfield code="0">0</subfield>
    <subfield code="1">0</subfield>
    <subfield code="2">ddc</subfield>
    <subfield code="4">0</subfield>
    <subfield code="7">0</subfield>
    <subfield code="8">Baccah</subfield>
    <subfield code="a">MAIN</subfield>
    <subfield code="b">MAIN</subfield>
    <subfield code="c">1ST</subfield>
    <subfield code="d">2014-12-18</subfield>
    <subfield code="e">purchase</subfield>
    <subfield code="g">352.00</subfield>
    <subfield code="h">21291</subfield>
    <subfield code="l">2</subfield>
    <subfield code="m">3</subfield>
    <subfield code="o">341.45 TAN</subfield>
    <subfield code="p">000037219</subfield>
    <subfield code="r">2025-07-15 00:00:00</subfield>
    <subfield code="s">2024-04-15</subfield>
    <subfield code="v">440.00</subfield>
    <subfield code="y">BB</subfield>
  </datafield>
</record>
